| 000 | 00947cad a22002295a 4500 | ||
|---|---|---|---|
| 001 | E147421 | ||
| 008 | 090511s2009 xxkd f 000 0 eng d | ||
| 035 | _a(Sirsi) u147421 | ||
| 041 | 0 | _aeng | |
| 050 | 0 | 4 | _a333.33 $2 18 |
| 110 | 2 |
_aCB Richard Ellis _93675 |
|
| 245 | 0 | 0 |
_aMarket view _bCEE offices index _h[electronic resource] |
| 260 |
_a[S.l.] _bCB Richard Ellis _c2009 |
||
| 490 | 0 |
_aCB Richard Ellis CEE Offices Index _vFirst Quarter 2009 |
|
| 520 | _aReports that the CB Richard Ellis CEE Office Prime Capital Value Index continued to drop in the first quarter of 2009, with a growth rate of -41% year-on-year, and -22% quarter-on-quarter. The index has now reached levels last seen in Q3 2006. | ||
| 521 | _aAdvanced | ||
| 590 | _aKA | ||
| 651 | 4 | _aEurope | |
| 690 | _aPROPERTY-COMMERCIAL PROPERTY-COMMERCIAL PROPERTY MARKET | ||
| 856 | 4 | 0 |
_uhttps://www.cbre.co.uk _zView the report free of charge at www.cbre.co.uk... |
| 942 | _n0 | ||
| 999 |
_c109550 _d109550 |
||